Statistics for 2024 Serie A Teams

Click here to take the quiz!

General Stats

  • This quiz has been taken 7,847 times
    (4,195 since last reset)
  • The average score is 15 of 20

Answer Stats

Team% Correct
Inter Milan
99%
Milan
99%
Juventus
98%
Napoli
94%
Roma
94%
Lazio
89%
Fiorentina
81%
Atalanta
79%
Torino
78%
Bologna
74%
Genoa
71%
Hellas Verona
70%
Udinese
68%
Sassuolo
66%
Cagliari
65%
Lecce
58%
Monza
58%
Empoli
57%
Salernitana
57%
Frosinone
50%

Score Distribution

Percentile by Number Answered

Percent of People with Each Score

Your Score History

You have not taken this quiz since the last reset